| 000 | 00498nam a22001937a 4500 | ||
|---|---|---|---|
| 003 | OSt | ||
| 005 | 20140310183038.0 | ||
| 008 | 130222t xxu||||| |||| 00| 0 eng d | ||
| 020 | _a9719192429 | ||
| 050 |
_aRT 98 _b.N974 2003 |
||
| 245 |
_a Nursing practice in the community / _cAraceli S. Maglaya, editor. |
||
| 260 |
_aMarikina City : _b Argonauta Corp., _c2003. |
||
| 300 |
_a449 p. : _c25 cm. |
||
| 521 | _aNUR | ||
| 562 | _e2 | ||
| 942 |
_2lcc _cBK _kLOC |
||
| 999 |
_c18509 _d18509 |
||